Angielskie nazwy jedzenia - Statystyki

Ogólne statystyki
  • Ten quiz został rozwiązany 215 razy
  • Średni wynik to 21 z 24
Statystyki odpowiedzi
Polski Angielski % Poprawnych
Ryba Fish
99%
Owoc Fruit
99%
Lody (mleczne) Ice cream
98%
Chleb Bread
97%
Kurczak Chicken
97%
Zupa Soup
97%
Ryż Rice
96%
Kanapka Sandwich
96%
Masło Butter
95%
Ser Cheese
95%
Jajko Egg
95%
Szynka Ham
93%
Ciasto Cake
91%
Mięso Meat
90%
Sałatka Salad
90%
Makaron Pasta
89%
Warzywo Vegetable
88%
Wołowina Beef
85%
Wieprzowina Pork
77%
Sos Sauce
70%
Śmietana Cream
64%
Kiełbasa Sausage
64%
Bagietka Baguette
51%
Bułka Roll / bun
51%
Nie znaleziono quizów pasujących do podanych kryteriów
Rozkład punktacji
Procent ludzi z każdym wynikiem
Percentyl według liczby udzielonych odpowiedzi
Twoja historia wyników
Nie rozwiązałeś tego quizu